000 00822nam a2200241Ia 4500
003 OSt
005 20250307094427.0
008 210716s2011 xx 000 0 und d
020 _a9780007252022
040 _cAIMIT LIBRARY
041 _aeng
082 _a658.4092
_21
_bBLAK
100 _aBlanchard, Ken.
_9204709
245 _aLeadership by the book:
_btools to transform your workplace /
_cBy Ken Blanchard; Bill Hybels and Phil Hodges.
250 _a1st ed.
260 _aNew York :
_bHarper Collins Publishers ;
_c2011.
300 _axiv,220p. ;
_bPB
_c19 cm.
650 _aSpiritual significance verse earthly success
_9204710
650 _aEffective leadership starts on the inside
_9204711
700 _aHybels, Bill.
_9204712
700 _aHodges, Phil.
_9204713
942 _2ddc
_cBK
_e1st ed.
_k658.4092 BLAK
999 _c208838
_d208838